My Bible friends : (Record no. 12113)
[ view plain ]
| 000 -LEADER | |
|---|---|
| fixed length control field | 00630nam a22002057a 4500 |
| 003 - CONTROL NUMBER IDENTIFIER | |
| control field | OSt |
| 005 - DATE AND TIME OF LATEST TRANSACTION | |
| control field | 20140310182339.0 |
| 008 - FIXED-LENGTH DATA ELEMENTS--GENERAL INFORMATION | |
| fixed length control field | 130313t xxu||||| |||| 00| 0 eng d |
| 050 ## - LIBRARY OF CONGRESS CALL NUMBER | |
| Classification number | BS 551.2 |
| Item number | .D317 1971 |
| 082 ## - DEWEY DECIMAL CLASSIFICATION NUMBER | |
| Classification number | J 225 |
| Item number | DEG 1971 |
| 100 ## - MAIN ENTRY--PERSONAL NAME | |
| Personal name | Degering, Etta B. |
| 9 (RLIN) | 21616 |
| 245 ## - TITLE STATEMENT | |
| Title | My Bible friends : |
| Remainder of title | Jesus and the Storms; Jesus and the Children / |
| Statement of responsibility, etc | Etta B. Degering. |
| 260 ## - PUBLICATION, DISTRIBUTION, ETC. (IMPRINT) | |
| Place of publication, distribution, etc | Manila : |
| Name of publisher, distributor, etc | Philippine Publishing House, |
| Date of publication, distribution, etc | c1971 |
| 300 ## - PHYSICAL DESCRIPTION | |
| Dimensions | 24 cm. |
| Other physical details | col. ill. ; |
| 440 ## - SERIES STATEMENT/ADDED ENTRY--TITLE | |
| Title | My Bible Friends; |
| Number of part/section of a work | book 3 |
| 9 (RLIN) | 21687 |
| 526 ## - STUDY PROGRAM INFORMATION NOTE | |
| Reading level | 230L-420L |
| 650 ## - SUBJECT ADDED ENTRY--TOPICAL TERM | |
| Topical term or geographic name as entry element | Bible stories |
| 9 (RLIN) | 10553 |
| 942 ## - ADDED ENTRY ELEMENTS (KOHA) | |
| Source of classification or shelving scheme | Library of Congress Classification |
| Koha item type | |
| Withdrawn status | Lost status | Source of classification or shelving scheme | Damaged status | Home library | Current library | Shelving location | Date acquired | Total Checkouts | Full call number | Barcode | Date last seen | Copy number | Price effective from | Koha item type |
|---|---|---|---|---|---|---|---|---|---|---|---|---|---|---|
| Library of Congress Classification | Luxembourg Library | Luxembourg Library | Grade School Section | 09/25/2013 | BS 551.2 .D317 1971 | 6035 | 09/25/2013 | 1 | 09/25/2013 | Books |